Crónica de 13 meses: de la crisis de Cuba al asesinato de Kennedy
Gardado en:
| Autor Principal: | |
|---|---|
| Formato: | Libro |
| Idioma: | Lingua castelá |
| Publicado: |
Barcelona
Nova Terra
1966
|
| Edición: | 1a. ed |
| Series: | El Mundo y los Hombres, 12
|
| Subjects: | |
| Tags: |
Engadir etiqueta
Sen Etiquetas, Sexa o primeiro en etiquetar este rexistro!
|
MARC
| LEADER | 00000cam a2200000 a 4500 | ||
|---|---|---|---|
| 001 | UCE2451 | ||
| 003 | CL-VaPUC | ||
| 008 | 140703e19660500sp |||||||||||||||||spa|d | ||
| 082 | 0 | 4 | |a 327.7307291 |b HAR |2 21 |
| 100 | |a Haro Tecglen, Eduardo |e author |9 574894 | ||
| 245 | 1 | 0 | |a Crónica de 13 meses: de la crisis de Cuba al asesinato de Kennedy |
| 250 | |a 1a. ed | ||
| 300 | |a 305 p | ||
| 942 | |c BK | ||
| 945 | |d 20140703 14:09:00 |a dcastane | ||
| 260 | |a Barcelona |b Nova Terra |c 1966 | ||
| 600 | 0 | |a Kennedy, John Fitzgerald |d 1917-1963 |9 859083 | |
| 600 | 0 | 7 | |a CASTRO RUZ, FIDEL |2 CL-VaPUC |9 332589 |
| 650 | 0 | |a Relaciones Internacionales |9 255740 | |
| 650 | 7 | |a BLOQUEOS ECONOMICOS |2 CL-VaPUC |9 574895 | |
| 651 | 0 | |a Estados Unidos |9 255178 | |
| 651 | 7 | |a CUBA |2 CL-VaPUC |9 255263 | |
| 583 | |a last modification |c 20140703 14:09:00 |k Rodrigo Vera | ||
| 490 | 0 | |a El Mundo y los Hombres, 12 | |
| 999 | |c 356051 |d 356049 | ||
| 952 | |0 0 |1 0 |3 erb |4 0 |6 327_730729100000000_HAR_1966 |7 0 |8 A |9 463126 |a BIBEDU |b BIBEDU |i 504801K |o 327.7307291 HAR 1966 |p 504801K |r 2019-11-23 |w 2019-11-23 |y BK |z Catalogado en:20140703 |k LIT | ||